Trade unions in Kenya : (Record no. 593)
[ view plain ]
| 000 -LEADER | |
|---|---|
| fixed length control field | 00884cam a22002532 4500 |
| 001 - CONTROL NUMBER | |
| control field | 0000005849 |
| 005 - DATE AND TIME OF LATEST TRANSACTION | |
| control field | 20151021151106.0 |
| 008 - FIXED-LENGTH DATA ELEMENTS--GENERAL INFORMATION | |
| fixed length control field | 070720s xx 000 0 eng d |
| 020 ## - INTERNATIONAL STANDARD BOOK NUMBER | |
| International Standard Book Number | 9966221549 : |
| Terms of availability | KES 440 |
| 040 ## - CATALOGING SOURCE | |
| Original cataloging agency | KABU |
| Transcribing agency | KABU |
| 050 #0 - LIBRARY OF CONGRESS CALL NUMBER | |
| Classification number | HD6473 |
| Item number | .K4A48 |
| 100 1# - MAIN ENTRY--PERSONAL NAME | |
| Personal name | Aluchio, L. P. A. |
| -- | 0000160065 |
| 245 10 - TITLE STATEMENT | |
| Title | Trade unions in Kenya : |
| Remainder of title | development and the system of industrial relations. |
| 260 ## - PUBLICATION, DISTRIBUTION, ETC. (IMPRINT) | |
| Place of publication, distribution, etc. | Nairobi : |
| Name of publisher, distributor, etc. | JKF, |
| Date of publication, distribution, etc. | 1998. |
| 300 ## - PHYSICAL DESCRIPTION | |
| Extent | viii, 179 p. |
| 650 #0 - SUBJECT ADDED ENTRY--TOPICAL TERM | |
| Topical term or geographic name as entry element | Trade unions |
| Geographic subdivision | Kenya. |
| -- | 0000160066 |
| 650 #0 - SUBJECT ADDED ENTRY--TOPICAL TERM | |
| Topical term or geographic name as entry element | Labour unions |
| Geographic subdivision | Kenya. |
| -- | 0000180135 |
| 650 #0 - SUBJECT ADDED ENTRY--TOPICAL TERM | |
| Topical term or geographic name as entry element | Industrial relations |
| Geographic subdivision | Kenya. |
| -- | 0000180136 |
| 852 1# - LOCATION | |
| -- | p463 KES |
| 852 1# - LOCATION | |
| -- | p463 KES |
| 908 ## - PUT COMMAND PARAMETER (RLIN) | |
| Put command parameter | 070720 |
| 950 ## - LOCAL HOLDINGS (RLIN) | |
| -- | 1 |
| Withdrawn status | Lost status | Source of classification or shelving scheme | Not for loan | Home library | Current library | Date acquired | Total Checkouts | Full call number | Barcode | Date last seen | Price effective from | Koha item type | Date last checked out | Copy number |
|---|---|---|---|---|---|---|---|---|---|---|---|---|---|---|
| Library of Congress Classification | Kabarak, Main Campus | Kabarak, Main Campus | 21/10/2015 | HD6866.5 .A48 c. 6 | 017376 | 02/08/2024 | 21/10/2015 | General Collection | c.6 | |||||
| Library of Congress Classification | Kabarak, Main Campus | Kabarak, Main Campus | 17/12/2015 | 1 | HD6866.5 .A48 c. 1 | 010877 | 02/08/2024 | 17/12/2015 | General Collection | 23/05/2016 | ||||
| Library of Congress Classification | Kabarak, Main Campus | Kabarak, Main Campus | 17/12/2015 | HD6866.5 .A48 c. 3 | 18399 | 02/08/2024 | 17/12/2015 | General Collection | ||||||
| Library of Congress Classification | Kabarak, Main Campus | Kabarak, Main Campus | 17/12/2015 | HD6866.5 .A48 c. 4 | 24586 | 02/08/2024 | 17/12/2015 | General Collection | ||||||
| Library of Congress Classification | Kabarak, Main Campus | Kabarak, Main Campus | 17/12/2015 | HD6866.5 .A48 c. 5 (photocopy) | 18913 | 17/12/2015 | 17/12/2015 | General Collection | ||||||
| Library of Congress Classification | Kabarak, Main Campus | Kabarak, Main Campus | 17/12/2015 | HD6866.5 .A48 c. 2 | 18398 | 17/12/2015 | 17/12/2015 | Africana Collection | ||||||
| Library of Congress Classification | Kabarak, Nakuru City Campus | Kabarak, Nakuru City Campus | 21/10/2015 | HD6866.5 .A48 c. 1 | 003050 | 21/10/2015 | 21/10/2015 | General Collection | ||||||
| Library of Congress Classification | Kabarak, Nakuru City Campus | Kabarak, Nakuru City Campus | 21/10/2015 | 3 | HD6866.5 .A48 c. 2 | 24604 | 29/01/2021 | 21/10/2015 | General Collection | 25/01/2021 | ||||
| Library of Congress Classification | Kabarak, Nakuru City Campus | Kabarak, Nakuru City Campus | 21/10/2015 | HD6866.5 .A48 c. 3 | 24609 | 21/10/2015 | 21/10/2015 | General Collection | ||||||
| Library of Congress Classification | Kabarak, Nakuru City Campus | Kabarak, Nakuru City Campus | 21/10/2015 | HD6866.5 .A48 c. 4 | 017385 | 21/10/2015 | 21/10/2015 | General Collection | c. 4 | |||||
| Library of Congress Classification | Kabarak, Nakuru City Campus | Kabarak, Nakuru City Campus | 21/10/2015 | HD6866.5 .A48 c. 5 | 20805 | 21/10/2015 | 21/10/2015 | General Collection | c.5 |